书目信息 |
| 题名: |
勃朗特一家的故事
|
|
| 作者: | 维克瑞 著 | |
| 分册: | ||
| 出版信息: | 北京 外语教学与研究出版社 1998.01 |
|
| 页数: | 95页 | |
| 开本: | 32开 | |
| 丛书名: | ||
| 单 册: | ||
| 中图分类: | H319.4:I | |
| 科图分类: | ||
| 主题词: | 英语 | |
| 电子资源: | ||
| ISBN: | 7-5600-1419-4 | |
| 000 | 00531nam0 2200181 45 | |
| 001 | 0003221635 | |
| 005 | 20041018102209.81 | |
| 010 | @a7-5600-1419-4@dCNY 3.90 | |
| 100 | @a20000322d1998 km y0chiy0120 ea | |
| 101 | @achi | |
| 200 | 1 | @a勃朗特一家的故事@ABo Lang Te Yi Jia De Gu Shi@f维克瑞著@Fwei ke rui zhu |
| 210 | @a北京@c外语教学与研究出版社@d1998.01 | |
| 215 | @a95页@d32开 | |
| 606 | 0 | @a英语 |
| 690 | @aH319.4:I@v3 | |
| 701 | 0 | @a维克瑞@Awei ke rui@4著 |
| 801 | @aCN@bPftUser@c20041018 | |
| 905 | @f5@b51575-579@dH319.4:I@eW5363 | |
| 勃朗特一家的故事/维克瑞著.-北京:外语教学与研究出版社,1998.01 |
| 95页;32开 |
| ISBN 7-5600-1419-4:CNY 3.90 |
| ● |
| 相关链接 |
|
|
|
正题名:勃朗特一家的故事
索取号:H319.4:I/W5363
 
预约/预借
| 序号 | 登录号 | 条形码 | 馆藏地/架位号 | 状态 | 备注 |
| 1 | 377491 | 203774914 | 社科二线400B/400B社科库 10排2列4层/ [索取号:H319.4:I/W5363] | 在馆 | |
| 2 | 377492 | 203774923 | 语言库209/209语言库 55排2列4层/ [索取号:H319.4:I/W5363] | 在馆 | |
| 3 | 377493 | 203774932 | 自科二线404/209语言库 55排2列3层/ [索取号:H319.4:I/W5363] | 在馆 | |
| 4 | 377494 | 203774941 | 语言库209/209语言库 55排2列3层/ [索取号:H319.4:I/W5363] | 在馆 | |
| 5 | 377495 | 203774950 | 语言库209/ [索取号:H319.4:I/W5363] | 在馆 | |
| 6 | 420544 | 204205449 | 外国语学院资料室/ [索取号:H319.4:I/W5363] | 在馆 | |
| 7 | 51575 | 200515754 | 自科二线404/209语言库 55排2列4层/ [索取号:H319.4:I/W5363] | 在馆 | |
| 8 | 51576 | 200515763 | 语言库209/209语言库 55排2列4层/ [索取号:H319.4:I/W5363] | 在馆 | |
| 9 | 51577 | 200515772 | 语言库209/ [索取号:H319.4:I/W5363] | 在馆 | |
| 10 | 51578 | 200515781 | 语言库209/209语言库 55排2列4层/ [索取号:H319.4:I/W5363] | 在馆 | |
| 11 | 51579 | 200515790 | 自科二线404/209语言库 55排2列4层/ [索取号:H319.4:I/W5363] | 在馆 |